00582nam a2200145Ia 4500008004100000024006000041082001800101100007400119245003400193260002600227600002100253650003800274856010700312999001700419260210s9999 xx 000 0 und d a15B-023-CS, 15B-094-CS, 15B-061-CS & 15B-040-CS a004.72072 MUH aMuhammad Anas Khan, Arham Ahmed, Mansoor Asad & Hafiz Hamza Imdad 0aAnytime Order Household Goods aKarachi:bUITU,c2015 aComputer Science aBachelor of Computer Science (BS) uhttps://drive.google.com/file/d/1-nr31TA_DaXy2nVNq_7p-pGwh77CQ7Er/view?usp=sharingyClick here for PDF c32332d32332